Online Public Access Catalog -OPAC

Fundermentals of psychopharmacology. (Record no. 660)

MARC details
000 -LEADER
fixed length control field 00651nam a2200133Ia 4500
008 - FIXED-LENGTH DATA ELEMENTS--GENERAL INFORMATION
fixed length control field 180412s9999||||xx |||||||||||||| ||und||
020 ## - INTERNATIONAL STANDARD BOOK NUMBER
International Standard Book Number 471933880
040 ## - CATALOGING SOURCE
Original cataloging agency Ahmadu Bello University Library - Zaria
100 ## - MAIN ENTRY--PERSONAL NAME
Personal name LEONARD, Brian E.
245 #0 - TITLE STATEMENT
Title Fundermentals of psychopharmacology.
Statement of responsibility, etc. Brian E. Leonard
260 ## - PUBLICATION, DISTRIBUTION, ETC.
Name of publisher, distributor, etc. John Wiley; Chichester.
Date of publication, distribution, etc. 1992
300 ## - PHYSICAL DESCRIPTION
Extent xii, 267p.; ill.
500 ## - GENERAL NOTE
General note Includes bibliographical references.
600 ## - SUBJECT ADDED ENTRY--PERSONAL NAME
Personal name Drugs acting on the nervous system. Anodynes, analgesics, sedatives, depressants, hypnotics, narcotics, depresso-motors, excito-motors, stimulants, antispasmodics, etc.[PA.RB, UI.RB].SeealsoFLF, GF Drug addiction. Anaesthetics. See VID.

No items available.

Customized by ICT Technical Service Unit on 29th Dec 2022

Kashim Ibrahim Library